Statistiken für Deutsche Nationalmannschaft

Klicken Sie hier um das Quiz zu spielen!

Allgemein

  • Dieses Quiz wurde 85 mal gespielt
    (61 seit der letzten Aktualisierung)
  • Das Durchschnittsergebnis liegt bei 13 aus 21

Antwortstatistiken

FrageAntwort% Korrekt
Wie oft wurde Deutschland Fußball-Weltmeister?4 Mal
96%
Wie oft gewann Deutschland die Fußball-Europameisterschaft?3 Mal
93%
Wer ist seitdem der aktuelle WM-Rekordtorschütze und bis heute DFB-Rekordtorschütze?Miroslav Klose
91%
Wer war der Siegtorschütze im Finale in Brasilien?Mario Götze
89%
In welchen Jahren?1954, 1974, 1990, 2014
85%
Wer ist mit 198 Partien Rekordtrainer der deutschen NationalmannschaftJoachim Löw
80%
Wer war der Finalgegner bei der ersten erfolgreichen Weltmeisterschaft?Ungarn
76%
Wer war der Finalgegner beim 2. Erfolg?Niederlande
75%
Welcher Spieler hat die meisten Spiele für die deutsche Nationalmannschaft bestritten?Lothar Matthäus
73%
In welchem Land gewann Deutschland die dritte Weltmeisterschaft?Italien
67%
Deutschland gewann auch einmal den Conferderations-Cup? In welchem Jahr?2017
65%
Gegen wen bestritt Deutschland das Remis endende 1.000. Länderspiel?Ukraine
56%
Wer war der erste Gegner?Schweiz
53%
Während der Qualifikation zur EM 2008 schlug Deutschland San Marino in welcher Höhe?13:0
49%
Wann war das erste Länderspiel der deutschen Fußballnationalmannschaft?1908
45%
Wie viele Tore schoss die Nationalmannschaft bis zum 999. Spiel?
Tipp: Die Zahl ist über 2000 und durch 50 teilbar.
2250
44%
In welchen Jahren?1972, 1980, 1996
40%
Wo fand es statt?Bremen / Weserstadion
40%
Gegen welche Nation bestritt Deutschland die meisten Spiele?Schweiz
40%
Gegen welchen Gegner gelang bei den olympischen Spielen 1912 mit einem 16:0 der höchste Sieg?Russland
35%
Gegen welche beiden Gegner erlitt Deutschland die meisten Niederlagen?Frankreich, Italien
20%

Verteilung der Resultate

Perzentil nach korrekt beantworteten Fragen

Anzahl Personen mit jedem Resultat

Ihre Resultats-Entwicklung

Sie haben dieses Quiz seit der letzten Aktualisierung nicht gespielt